<?xml version="1.0" encoding="UTF-8"?>
<record
    xmlns:xsi="http://www.w3.org/2001/XMLSchema-instance"
    xsi:schemaLocation="http://www.loc.gov/MARC21/slim http://www.loc.gov/standards/marcxml/schema/MARC21slim.xsd"
    xmlns="http://www.loc.gov/MARC21/slim">

  <leader>02296nam a2200277 i 4500</leader>
  <controlfield tag="003">DO-SdBNP</controlfield>
  <controlfield tag="005">20250403112721.0</controlfield>
  <controlfield tag="007">ta</controlfield>
  <controlfield tag="008">250403b2024    dr o|||| |||| 00| 0 spa d</controlfield>
  <datafield tag="020" ind1=" " ind2=" ">
    <subfield code="a">9789945291278</subfield>
  </datafield>
  <datafield tag="040" ind1=" " ind2=" ">
    <subfield code="a">DO-SdBNP</subfield>
    <subfield code="b">spa</subfield>
    <subfield code="c">BNPHU</subfield>
    <subfield code="e">rda</subfield>
  </datafield>
  <datafield tag="082" ind1=" " ind2=" ">
    <subfield code="a">xxx</subfield>
    <subfield code="b">C965</subfield>
    <subfield code="2">22</subfield>
  </datafield>
  <datafield tag="111" ind1="1" ind2=" ">
    <subfield code="a">Concurso de escritura para los dominicanos en el exterior </subfield>
    <subfield code="n">(2&#xAA;:</subfield>
    <subfield code="d">2024:</subfield>
    <subfield code="c">Santo Domingo)</subfield>
    <subfield code="9">87317</subfield>
  </datafield>
  <datafield tag="245" ind1="1" ind2="0">
    <subfield code="a">Segundo concurso de escritura para los dominicanos en el exterior :</subfield>
    <subfield code="b">Cu&#xE9;ntame tu historia /</subfield>
  </datafield>
  <datafield tag="264" ind1=" " ind2=" ">
    <subfield code="a">Santo Domingo :</subfield>
    <subfield code="b">INDEX,</subfield>
    <subfield code="b">MIREX,</subfield>
    <subfield code="c">2024.</subfield>
  </datafield>
  <datafield tag="300" ind1=" " ind2=" ">
    <subfield code="a">108 p&#xE1;ginas :</subfield>
    <subfield code="b">fotograf&#xED;as</subfield>
    <subfield code="c">23 cm.</subfield>
  </datafield>
  <datafield tag="336" ind1=" " ind2=" ">
    <subfield code="a">texto</subfield>
    <subfield code="b">txt</subfield>
    <subfield code="2">rdacontent</subfield>
  </datafield>
  <datafield tag="337" ind1=" " ind2=" ">
    <subfield code="a">sin mediaci&#xF3;n</subfield>
    <subfield code="b">n</subfield>
    <subfield code="2">rdamedia</subfield>
  </datafield>
  <datafield tag="338" ind1=" " ind2=" ">
    <subfield code="a">volumen</subfield>
    <subfield code="b">nc</subfield>
    <subfield code="2">rdacarrier</subfield>
  </datafield>
  <datafield tag="505" ind1=" " ind2=" ">
    <subfield code="t">Palabras del Viceministro --</subfield>
    <subfield code="t">Palabras de Vimenca --</subfield>
    <subfield code="t">El concurso de escritura personal "Cu&#xE9;ntame tu historia" sigue motivando a los dominicanos del exterior a escribir --</subfield>
    <subfield code="g">Primer lugar --</subfield>
    <subfield code="t">Soy dominicana, y no, no soy puta --</subfield>
    <subfield code="r">Silvia Anabel Matos Rodr&#xED;guez /</subfield>
    <subfield code="g">Segundo lugar --</subfield>
    <subfield code="t">Mi sonrisa, generosidad y amabilidad de mi tierra vino hasta Londres --</subfield>
    <subfield code="r">Josefina Castro La Paz /</subfield>
    <subfield code="g">Tercer lugar --</subfield>
    <subfield code="t">Dejar atr&#xE1;s para avanzar: el viaje de una maestra desde Quisqueya hasta Espa&#xF1;a --</subfield>
    <subfield code="r">Keiri Fern&#xE1;ndez M&#xE1;rmol /</subfield>
    <subfield code="g">Menci&#xF3;n de honor --</subfield>
    <subfield code="t">&#xBF;C&#xF3;mo cambi&#xE9; un estetoscopio por l&#xE1;piz y papel? --</subfield>
    <subfield code="r">Rub&#xE9;n Dar&#xED;o C&#xE9;spedes D&#xED;az /</subfield>
    <subfield code="g">Menci&#xF3;n de honor --</subfield>
    <subfield code="t">El mundo en un bolsillo --</subfield>
    <subfield code="r">Aniana Mar&#xED;a Dom&#xED;nguez Mart&#xED;nez /</subfield>
    <subfield code="g">Menci&#xF3;n de honor --</subfield>
    <subfield code="t">De aqu&#xED;, de all&#xE1;, de ning&#xFA;n lado --</subfield>
    <subfield code="r">Patricia Jim&#xE9;nez Encarnaci&#xF3;n /</subfield>
    <subfield code="g">Menci&#xF3;n de honor --</subfield>
    <subfield code="t">El rostro de la emigraci&#xF3;n --</subfield>
    <subfield code="r">Jantipa Alm&#xE1;nzar Hern&#xE1;ndez /</subfield>
    <subfield code="g">Menci&#xF3;n de honor --</subfield>
    <subfield code="t">Perderme para volverme a encontrar --</subfield>
    <subfield code="r">Andry Mariel Mendoza Reyes /</subfield>
    <subfield code="g">Menci&#xF3;n de honor --</subfield>
    <subfield code="t">Todos tenemos algo que sacrificar --</subfield>
    <subfield code="r">Eduardo Taveras Rosa /</subfield>
    <subfield code="g">Menci&#xF3;n de honor --</subfield>
    <subfield code="t">Soltando anclas, para perseguir un sue&#xF1;o --</subfield>
    <subfield code="r">Ana Mercedes Reyes Upia /</subfield>
    <subfield code="g">Menci&#xF3;n de honor --</subfield>
    <subfield code="t">A Dios encomiendo tu alma --</subfield>
    <subfield code="r">Caryana Castillo de los Santos /</subfield>
  </datafield>
  <datafield tag="590" ind1=" " ind2=" ">
    <subfield code="a">Inventariado, 2025/ YL</subfield>
  </datafield>
  <datafield tag="710" ind1="1" ind2=" ">
    <subfield code="a">Instituto de Dominicanos y Dominicanas en el Exterior (INDEX)</subfield>
    <subfield code="9">87313</subfield>
  </datafield>
  <datafield tag="710" ind1="1" ind2=" ">
    <subfield code="a">Viceministerio para las Comunidades Dominicanas en el Exterior</subfield>
    <subfield code="b">Ministerio de Relaciones Exteriores (MIREX)</subfield>
    <subfield code="9">87314</subfield>
  </datafield>
  <datafield tag="910" ind1=" " ind2=" ">
    <subfield code="a">YLockward</subfield>
  </datafield>
  <datafield tag="942" ind1=" " ind2=" ">
    <subfield code="2">ddc</subfield>
    <subfield code="c">LBS1</subfield>
  </datafield>
  <datafield tag="952" ind1=" " ind2=" ">
    <subfield code="0">0</subfield>
    <subfield code="1">0</subfield>
    <subfield code="2">ddc</subfield>
    <subfield code="5">1</subfield>
    <subfield code="7">0</subfield>
    <subfield code="8">PD</subfield>
    <subfield code="a">BNPHU</subfield>
    <subfield code="b">BNPHU</subfield>
    <subfield code="c">CT</subfield>
    <subfield code="d">2024-12-11</subfield>
    <subfield code="e">Dep&#xF3;sito Legal</subfield>
    <subfield code="l">0</subfield>
    <subfield code="o">BNPHU PD xxx C965</subfield>
    <subfield code="p">2025-1164</subfield>
    <subfield code="r">2025-02-21</subfield>
    <subfield code="w">2025-02-21</subfield>
    <subfield code="y">LBS1</subfield>
  </datafield>
  <datafield tag="952" ind1=" " ind2=" ">
    <subfield code="0">0</subfield>
    <subfield code="1">0</subfield>
    <subfield code="2">ddc</subfield>
    <subfield code="5">1</subfield>
    <subfield code="7">0</subfield>
    <subfield code="8">PD</subfield>
    <subfield code="a">BNPHU</subfield>
    <subfield code="b">BNPHU</subfield>
    <subfield code="d">2024-12-11</subfield>
    <subfield code="e">Dep&#xF3;sito Legal</subfield>
    <subfield code="l">0</subfield>
    <subfield code="o">BNPHU PD xxx C965</subfield>
    <subfield code="p">2025-1165</subfield>
    <subfield code="r">2025-02-21</subfield>
    <subfield code="t">e.2</subfield>
    <subfield code="w">2025-02-21</subfield>
    <subfield code="y">LBS1</subfield>
  </datafield>
  <datafield tag="952" ind1=" " ind2=" ">
    <subfield code="0">0</subfield>
    <subfield code="1">0</subfield>
    <subfield code="2">ddc</subfield>
    <subfield code="5">6</subfield>
    <subfield code="7">0</subfield>
    <subfield code="8">DS</subfield>
    <subfield code="a">BNPHU</subfield>
    <subfield code="b">BNPHU</subfield>
    <subfield code="c">CT</subfield>
    <subfield code="d">2024-12-11</subfield>
    <subfield code="e">Dep&#xF3;sito Legal</subfield>
    <subfield code="l">0</subfield>
    <subfield code="o">BNPHU DS xxx C965</subfield>
    <subfield code="p">2025-1166</subfield>
    <subfield code="r">2025-02-21</subfield>
    <subfield code="t">e.3</subfield>
    <subfield code="w">2025-02-21</subfield>
    <subfield code="y">LBS1</subfield>
  </datafield>
  <datafield tag="999" ind1=" " ind2=" ">
    <subfield code="c">58184</subfield>
    <subfield code="d">58184</subfield>
  </datafield>
</record>
